| 000 | 00647nam a2200217 u 4500 | ||
|---|---|---|---|
| 005 | 20230915063543.0 | ||
| 008 | 100707s2005 es r 000 0 spa d | ||
| 020 | _a8423673308 | ||
| 035 | _aUPN01000177199 | ||
| 049 | _aCG | ||
| 050 | 4 |
_aPQ6663 A7.74 _bD8.3 |
|
| 100 | 1 |
_aMartín, Andreu, _d1949- _930867 |
|
| 245 | 1 | 4 |
_aLos dueños del paraíso / _cAndreu Martín. |
| 260 |
_aBarcelona, Esp. : _bEdebé, _cc2005. |
||
| 300 |
_a249 p. : _bil. |
||
| 440 | 0 |
_aPeriscopio ; _v10 |
|
| 586 | _aPremio Edebé de Literatura Juvenil | ||
| 650 | 0 |
_aLiteratura juvenil española _912359 |
|
| 650 | 4 |
_aNovela española _ySiglo XX _99779 |
|
| 905 | _aLibro | ||
| 999 |
_c149302 _d149302 |
||